College Quizbowl Stats
College Quizbowl Stats
Circuits
Seasons
Sets
Records
Detailed Stats
About
Loading...
Great Lakes
Tossups
Bonuses
Players
Teams
Categories (Tossup)
Categories (Bonus)
Tony Boyle
Carnegie Mellon A
Categories
Category
Powers
Gets
Negs
BBs
Points
Earliest Buzz
Avg. Buzz
First Buzzes
Top 3 Buzzes
BPA
PVF
Fine Arts - Classical Music
0
1
0
0
10
98
98.00
0
1
0.00
0.00
Other Academic
0
1
0
0
10
112
112.00
0
1
0.00
0.00
Science - Physics
0
1
0
0
10
124
124.00
0
1
0.00
0.00
Literature - European
0
0
1
0
-5
0.00
0
0
0.00
0.00
Buzzes
Category
Answer
Value
Buzz Position
Literature - European
Electra
-5
48
Fine Arts - Classical Music
two violins
10
98
Other Academic
Malcolm X AND Martin Luther King Jr.
10
112
Science - Physics
strange quark
10
124
Previous
1
Next